[Event "Roncana op-C 9th"]
[Site "Santa Eulalia de Roncana"]
[Date "2015.11.21"]
[Round "7"]
[White "Fernandez Ferreira, Eric"]
[Black "Guerra Omedio, Dani"]
[Result "1-0"]
[WhiteElo "1720"]
[BlackElo "1362"]
[PlyCount "45"]
[EventDate "2015.10.03"]
[EventType "swiss"]
[EventRounds "8"]
[EventCountry "ESP"]
[SourceTitle "EXT 2017"]
[Source "ChessBase"]
[SourceDate "2016.10.25"]
[SourceVersion "1"]
[SourceVersionDate "2016.10.25"]
[SourceQuality "1"]

1. e4 e5 2. Nf3 Nc6 3. a3 Bc5 4. Bb5 Nf6 5. d3 0-0 6. Bxc6 bxc6 7. Nxe5 Ba6 8. 0-0 d6 9. Ng4 Bc8 10. Nc3 Bxg4 11. Ne2 d5 12. exd5 cxd5 13. d4 Bb6 14. Bg5 c5 15. Qd3 Qc8 16. h3 Bf5 17. Qg3 Nh5 18. Qh4 Nf6 19. Rad1 cxd4 20. Nxd4 Qd7 21. Qg3 Rac8 22. Bxf6 Rxc2 23. Qxg7# 1-0